00325 a2200097 4500001001000000005001700010008004100027245006700068100002300135773006900158ART_1455020260410161912.0260409a 10aInternational comparisons of the residential demand for energy1 aPindyck, Robert S.0 tEuropean economic reviewg- Vol. 13, NÂș 1 (ene. 1980)wREV13346